UM Logo

Triple bottom line reporting for CPAs: (Record no. 16084)

MARC details
000 -LEADER
fixed length control field 00572nam a2200145 4500
008 - FIXED-LENGTH DATA ELEMENTS--GENERAL INFORMATION
fixed length control field 210412b ||||| |||| 00| 0 eng d
022 ## - INTERNATIONAL STANDARD SERIAL NUMBER
International Standard Serial Number 0732-8435
082 ## - DEWEY DECIMAL CLASSIFICATION NUMBER
Classification number DPer 657.05 C33 Sept-Dec 2011 v. 81 n. 9-12
100 ## - MAIN ENTRY--PERSONAL NAME
Personal name Mintz, Steven M.
9 (RLIN) 10922
245 ## - TITLE STATEMENT
Title Triple bottom line reporting for CPAs:
Remainder of title challenges and opportunities in social accounting/
Statement of responsibility, etc. Steven M. Mintz.
260 ## - PUBLICATION, DISTRIBUTION, ETC. (IMPRINT)
Place of publication, distribution, etc. New York:
Name of publisher, distributor, etc. The New York State Society of CPA,
Date of publication, distribution, etc. ©2011.
300 ## - PHYSICAL DESCRIPTION
Extent v81 n12, pages 26-33:
Other physical details color illustrations;
Dimensions 28 cm.
650 ## - SUBJECT ADDED ENTRY--TOPICAL TERM
Topical term or geographic name as entry element Accounting
General subdivision Social.
9 (RLIN) 43098
942 ## - ADDED ENTRY ELEMENTS (KOHA)
Source of classification or shelving scheme Dewey Decimal Classification
Koha item type Periodicals
Holdings
Withdrawn status Lost status Source of classification or shelving scheme Damaged status Not for loan Collection code Home library Current library Date acquired Total Checkouts Full call number Date last seen Price effective from Koha item type Public note
    Dewey Decimal Classification     Periodicals UM Digos College - LIC UM Digos College - LIC 04/12/2021   DPer 657.05 C33 Sept-Dec 2011 v. 81 n. 9-12 04/12/2021 04/12/2021 Periodicals Periodical article